000 00476cam a2200169 a 4500
020 _a0935702903 (v. 1 : alk. paper)
020 _a0935702938 (v. 2 : alk. paper)
040 _cDLC
082 0 0 _a547 UNI 1996 A028 Or.
100 1 _aMacomber, Roger S.
245 1 0 _aOrganic chemistry /
260 _aSausalito, Calif. :
_bUniversity Science Books,
_cc1996.
300 _a2 v. :
_bill. ;
_c28 cm.
500 _aIncludes indexes.
650 0 _aChemistry, Organic
942 _cEK
999 _c12861
_d12861